Meteorological instruments

Đã lưu trong:
Bibliografiske detaljer
Format: Bog
Sprog:Undetermined
Udgivet: Wageningen Agriculture University
Fag:
Tags: Tilføj Tag
Ingen Tags, Vær først til at tagge denne postø!
Thư viện lưu trữ: Trung tâm Học liệu Trường Đại học Cần Thơ
LEADER 00424nam a2200145Ia 4500
001 CTU_29919
008 210402s9999 xx 000 0 und d
082 |a 551.515 
082 |b M589 
245 0 |a Meteorological instruments 
260 |a Wageningen 
260 |b Agriculture University 
650 |a meteorological instruments,meteorology 
904 |i Liên, 981223 
980 |a Trung tâm Học liệu Trường Đại học Cần Thơ